00744nam a2200193 i 450000100060000000300090000600500170001500700030003200800410003511100850007624500840016126000320024530000220027749000600029950000570035971000410041683000600045785200330051746101ES-MaACL20250828084000.0t|030327s1947 sz ||||1| fre d2 aConférence Internationale de l'Instruction Publique (n10ª. d1947.cGinebra)12aLa gratuitè du material scolaire... / cconvoquée par l'Unesco et le B.I.E. aGenève : bB.I.E, c1947. a153 P. ; c24 cm.1 aPublications du Bureau International d'Education ; v97 aPrecede al tít.: Bureau International d'Education.20aOficina Internacional de Educación0 aPublications du Bureau International d'Education ; v97 aES-MaACLj1878-F-6 bR.25261